Antartida argentina (folleto) /

Guardado en:
Formato: Libro
Publicado: : , 1977
Materias:
Fc
Etiquetas: Agregar Etiqueta
Sin Etiquetas, Sea el primero en etiquetar este registro!
LEADER 00415nam a22001575a 4500
001 CEM.cems007744
005 20060214000000.0
008 130507s1977##################000#0#####d
003 CEMS
082 0 4 |a F320.1 
245 0 0 |a Antartida argentina (folleto) / 
260 |a  :  |b ,  |c 1977 
653 |a Antartida argentina 
653 |a Argentina-geopolitica 
653 |a Fc 
859 |a CEMS  |b BIB. CEMS - 11 de abril  |h F320.1  |i 2  |p 122.44  |t Ej.1